Pokémons par réseaux de lettres (gen 1) - Statistiques

Statistiques générales
  • Ce quiz a été pris 33 fois
  • Le résultat moyen est 13 sur 16
Statistiques - réponses
Par images Réponse % Correct
Mewtwo
100%
Alakazam
93%
Voltali
90%
Akwakwak
87%
Élektek
87%
Magmar
87%
Nidorino
83%
Rattatac
80%
Saquedeneu
80%
Lamantine
77%
Rondoudou
77%
Sablaireau
77%
Dardargnan
67%
Rhinocorne
67%
Carapuce
60%
Noeunoeuf
57%
Aucun quiz correspondant
Distribution des résultats
% des personnes avec chaque résultat
Percentile par nombre de réponses
Votre historique - résultats
Vous n’avez pas pris ce quiz